L'industrie - Statistiques

Statistiques générales
  • Ce quiz a été pris 18 fois
  • Le résultat moyen est 12 sur 28
Statistiques - réponses
Hint Réponse % Correct
Cleaner Agent d'entretien
89%
(To) Trash Ordures, déchets
89%
To expand Développer
78%
Container Récipient
78%
(To) Waste Déchets
67%
Measurement La mesure
67%
Perishable Périssable
67%
Bucket Baquet
56%
Injury Blessure
56%
Hazardous Dangereux
44%
Unload Décharger
44%
To ship Expédier
44%
Manufacturer Fabricant
44%
Oil industry Industrie pétrolière
44%
Tooling Outillage
44%
(To) Apprenticeship Apprentissage
33%
Overtime Au fil du temps
33%
Coal Charbon
33%
Extinguisher Extincteur
33%
Pipeline Pipeline
33%
Output Production
33%
Fork lift truck Chariot élévateur
22%
Manufacture Fabrication
22%
Raw materials Matières premières
22%
Spare parts Pièces de rechange
22%
Shop floor Atelier
11%
Livestock Bétail
11%
Haulage Traction
0%
Aucun quiz correspondant
Distribution des résultats
% des personnes avec chaque résultat
Percentile par nombre de réponses
Votre historique - résultats
Vous n’avez pas pris ce quiz